MARC

LEADER 00000nam0a2200000 4500
001 348612
005 20231102010126.0
035 |a (RuTPU)RU\TPU\retro\344 
035 |a RU\TPU\retro\334 
090 |a 348612 
100 |a 20180301d1976 m y0rusy50 ca 
101 0 |a rus 
102 |a RU 
105 |a a j 001zy 
200 1 |a Технология электродуговой и электрошлаковой сварки углеродистых и низколегированных сталей  |e курс лекций  |f В. И. Авраменко, В. А. Богдановский  |g Академия наук Украинской ССР (АН УССР), Институт электросварки им. Е. О. Патона (ИЭС) 
210 |a Киев  |c Наукова думка  |d 1976 
215 |a 118 с.  |c ил. 
320 |a Библиогр.: с. 117 
606 1 |a Электродуговая сварка  |2 stltpush  |3 (RuTPU)RU\TPU\subj\66887  |9 82882 
606 1 |a Электрошлаковая сварка  |2 stltpush  |3 (RuTPU)RU\TPU\subj\72776  |9 86170 
610 1 |a технология 
610 1 |a сварочные работы 
610 1 |a методы 
610 1 |a организация 
610 1 |a автоматизация 
610 1 |a сварные швы 
610 1 |a электроды 
610 1 |a флюсы 
610 1 |a лекции 
675 |a 621.791.75(075.8)  |v 4 
675 |a 621.791.79(075.8)  |v 4 
700 1 |a Авраменко  |b В. И.  |g Владимир Иванович 
701 1 |a Богдановский  |b В. А.  |g Валентин Александрович 
712 0 2 |a Академия наук Украинской ССР (АН УССР)  |b Институт электросварки им. Е. О. Патона (ИЭС)  |c (Киев)  |2 stltpush  |3 (RuTPU)RU\TPU\col\13726 
801 1 |a RU  |b 63413507  |c 20180301 
801 2 |a RU  |b 63413507  |c 20180302  |g RCR 
942 |c BK